000 02255nam a2200385 c 4500
003 BLK
005 20210130155505.0
008 180412b bul|||||r ||||||| ||bul||
010 _aKNG00005670000
020 _a954-8232-55-3
_bиздат.: Гея-Либрис
040 _aBLK
041 _aBUL
_cBUL
080 _aИкономическо положение. Икономическа политика. Управление. Планиране. Производство. Услуги. Цени
_b338
_x(075.3)
_z338(075.3)
080 _aФорми на предприятията в зависимост от отношението към собствеността...
_b334.72
_x.008(075.3)
_z334.72.008(075.3)
080 _aМетоди на управление. Мениджмънт. Анализи, планиране, ръководство, сътрудничество, контрол, коопериране и др.
_b005.5
_x(075.3)
_z005.5(075.3)
100 1 _aНиколов, Никола Петров
_eпърви автор
_9244916
700 1 _aВойкова, Антоанета Тодорова
_eсъавт.
_9248795
139 _aНиколов, Никола Петров и др.
_bН 74
245 1 0 _aИкономика, маркетинг и мениджмънт на предприятието
_bУчебник за СОУ и техникумите
_cНикола Петров Николов; съавт. Антоанета Тодорова Войкова.
257 _aBGR
260 София
_bГея-Либрис
_c1995
300 _a336 с.
_bс табл., сх., диагр.
_c22 см
380 _a3
500 _a10 000 тир. - Доп. тир. 1997.
650 4 _aСтопански предприятия - организация и управление - учебници за средни училища
_9248796
650 4 _aУправление - стопански предприятия - учебници за средни училища и техникуми
_9248797
653 _aикономика
653 _aмаркетинг
653 _aмениджмънт
852 _aЦб 180185
856 4 _qpdf
_u
856 4 _qpdf
_u
942 _cKNG
_n0
_02
944 _aCR
_c15.01.2003
_kКети_Илиева
944 _aED
_c21.11.2012
_k
999 _c4527
_d4527